<?xml version="1.0" encoding="UTF-8"?>
<record
    xmlns:xsi="http://www.w3.org/2001/XMLSchema-instance"
    xsi:schemaLocation="http://www.loc.gov/MARC21/slim http://www.loc.gov/standards/marcxml/schema/MARC21slim.xsd"
    xmlns="http://www.loc.gov/MARC21/slim">

  <leader>01849agaaa2200313   4500</leader>
  <controlfield tag="001">9375</controlfield>
  <controlfield tag="003">IT-RoPAU</controlfield>
  <controlfield tag="005">20220918181236.0</controlfield>
  <controlfield tag="007">d cvaizq</controlfield>
  <controlfield tag="008">50131s9999||||xx ||| |     ||   ||und||</controlfield>
  <datafield tag="040" ind1=" " ind2=" ">
    <subfield code="a">IT-RoPAU</subfield>
    <subfield code="c">IT-RoPAU</subfield>
  </datafield>
  <datafield tag="041" ind1=" " ind2=" ">
    <subfield code="a">ITALIANO</subfield>
  </datafield>
  <datafield tag="100" ind1=" " ind2=" ">
    <subfield code="a">Sironi Alberto</subfield>
    <subfield code="g">Codice regista SPICS: 55957</subfield>
    <subfield code="9">43075</subfield>
  </datafield>
  <datafield tag="130" ind1=" " ind2=" ">
    <subfield code="a">PINOCCHIO</subfield>
    <subfield code="9">43076</subfield>
  </datafield>
  <datafield tag="245" ind1=" " ind2=" ">
    <subfield code="a">PINOCCHIO</subfield>
    <subfield code="c">Prodotto da: Bernabei Luca -- Sceneggiatura: Cotroneo Ivan Mazzotta Carlo -- Diretto da: Sironi Alberto</subfield>
    <subfield code="p">PINOCCHIO (Rif. Codice opera principale : H9375)</subfield>
  </datafield>
  <datafield tag="250" ind1=" " ind2=" ">
    <subfield code="a">Edizione Standard</subfield>
  </datafield>
  <datafield tag="260" ind1=" " ind2=" ">
    <subfield code="a">(ITALIA - UK)</subfield>
    <subfield code="b">RAI FICTION - LUX VIDE - POWER / Distribuzione: MULTIMEDIA SAN PAOLO</subfield>
    <subfield code="g">"2008 (1&#xB0; ed.: 2009 ; Ed. Lingua Orig.: 2008)"</subfield>
  </datafield>
  <datafield tag="300" ind1=" " ind2=" ">
    <subfield code="a">DVD</subfield>
    <subfield code="b">sonoro, col.</subfield>
    <subfield code="c">187 minuti</subfield>
  </datafield>
  <datafield tag="508" ind1=" " ind2=" ">
    <subfield code="a">"Fotografia: Lecca Franco; Montaggio: Yardley D. Chierchie; Musica: Kaczmarek Jan A.P.; Sceneggiatura: Cotroneo Ivan Mazzotta Carlo; Scenografia: Geleng Antonello; "</subfield>
  </datafield>
  <datafield tag="511" ind1=" " ind2=" ">
    <subfield code="a">"Hoskins Bob; Kay Robbie; Buy Margherita; Placido Violante; Litizzetto Luciana; Nosul "</subfield>
  </datafield>
  <datafield tag="520" ind1=" " ind2=" ">
    <subfield code="a">UN BURATTINO DI LEGNO PRENDE VITA, UN FALEGNAME E' DISPOSTO A CREDERCI... UN VIAGGIO PER DIVENATRE PADRE E FIGLIO... LA FIABA ITALIANA PIU' FAMOSA COME AVVINCENTE METAFORA DEL RAPPORTO TRA PADRE E FIGLIO. ALLA FAVOLA COLLODIANA DOVE UN BURATTINO, DIVENTATO BAMBINO, IMPARA AD ESSERE FIGLIO, SI UNISCE UNA CHIAVE DI LETTURA MODERNA E IRONICA DI UN PADRE CHE IMPARA AD ESSERE TALE.</subfield>
  </datafield>
  <datafield tag="538" ind1=" " ind2=" ">
    <subfield code="a">PAL, STEREO</subfield>
  </datafield>
  <datafield tag="546" ind1=" " ind2=" ">
    <subfield code="a">ITALIANO</subfield>
  </datafield>
  <datafield tag="650" ind1=" " ind2=" ">
    <subfield code="a">COMMEDIA - AVVENT</subfield>
    <subfield code="e">DVD-FILM [DVD]</subfield>
    <subfield code="x">Codice MATERIA SPICS: 9947</subfield>
    <subfield code="9">43077</subfield>
  </datafield>
  <datafield tag="700" ind1=" " ind2=" ">
    <subfield code="a">Collodi Carlo </subfield>
    <subfield code="e">(soggetto)</subfield>
    <subfield code="g">Codice Soggetto SPICS: 7904</subfield>
    <subfield code="9">43078</subfield>
  </datafield>
  <datafield tag="700" ind1=" " ind2=" ">
    <subfield code="a">Kaczmarek Jan A.P.</subfield>
    <subfield code="e">(musica)</subfield>
    <subfield code="g">Codice Musica SPICS: 59535</subfield>
    <subfield code="9">43079</subfield>
  </datafield>
  <datafield tag="700" ind1=" " ind2=" ">
    <subfield code="a">Sironi Alberto </subfield>
    <subfield code="e">(regista)</subfield>
    <subfield code="g">Codice regista SPICS: 55957</subfield>
    <subfield code="9">43080</subfield>
  </datafield>
  <datafield tag="942" ind1=" " ind2=" ">
    <subfield code="c">DV</subfield>
    <subfield code="2">ddc</subfield>
  </datafield>
  <datafield tag="999" ind1=" " ind2=" ">
    <subfield code="c">105736</subfield>
    <subfield code="d">105736</subfield>
  </datafield>
  <datafield tag="952" ind1=" " ind2=" ">
    <subfield code="0">0</subfield>
    <subfield code="1">0</subfield>
    <subfield code="4">0</subfield>
    <subfield code="6">H_9375_000000000000000</subfield>
    <subfield code="7">1</subfield>
    <subfield code="a">SPICS</subfield>
    <subfield code="b">SPICS</subfield>
    <subfield code="d">2015-01-31</subfield>
    <subfield code="l">0</subfield>
    <subfield code="o">H9375</subfield>
    <subfield code="r">2015-01-31 00:00:00</subfield>
    <subfield code="w">2015-01-31</subfield>
    <subfield code="y">DV</subfield>
    <subfield code="z">Progr. Ins.: 3860 / N.Vol.:2 / Copie: 1 / Pag.:0 / Copia rara: n.d. / date import: 1.2.2015 / By Epidotti, Trombetti, Vaglietti</subfield>
  </datafield>
</record>
